01126nam a2200193Ia 4500001001100000003001000011008004100021040002500062041001300087100003100100245003900131250001100170260008500181300002700266500025100293501011400544520025100658650002300909L248-15769IT-CnALBA170116s9999||||xx |||||||||||||| ||und|| aIT-CnALBAcIT-CnALBA aITALIANO aPEZZALI PIETRO, MONSIGNORE 0aPIE JESU... TRATTENIMENTI MORALI.  a1a ed. aMILANObDAVERIO GIOVANNI EDITORE c1929 [1° Ed.:1929 - Ed.Ling.Originale: 1929] a122 p. (prefazione: 5) aDIO E IL PERDONO. CONDIZIONI DI PERDONO. GRAZIA DI PURIIFICAZIONE. RESTAURAZIONE. AMNISTIA. GIUBILEO. PARABOLE DELLA MISERICORDIA: PECORELLA SAMARRITA, DRAMMA PERDUTA, FIGLIOL PRODIGO. SAMARITANA. MADDALENA. L'ADULTERA. ZACCHEO. PIETRO. PAOLO...  aSocietà San Paolo EM - Piazza San Paolo, 14 - 12051 ALBA (CN) (non commercial uses only) ® Copyright 2017 aDIO E IL PERDONO. CONDIZIONI DI PERDONO. GRAZIA DI PURIIFICAZIONE. RESTAURAZIONE. AMNISTIA. GIUBILEO. PARABOLE DELLA MISERICORDIA: PECORELLA SAMARRITA, DRAMMA PERDUTA, FIGLIOL PRODIGO. SAMARITANA. MADDALENA. L'ADULTERA. ZACCHEO. PIETRO. PAOLO...  aASCETICA E MISTICA